4-D, Branding (Record no. 2165)

MARC details
000 -LEADER
fixed length control field 00372nam a22001697a 4500
005 - DATE AND TIME OF LATEST TRANSACTION
control field 20160530141109.0
008 - FIXED-LENGTH DATA ELEMENTS--GENERAL INFORMATION
fixed length control field 160530b xxu||||| |||| 00| 0 eng d
020 ## - INTERNATIONAL STANDARD BOOK NUMBER
ISBN 81-7808-438-4
041 ## - LANGUAGE CODE
Language code of text/sound track or separate title eng
082 ## - DEWEY DECIMAL CLASSIFICATION NUMBER
Item number 6071
100 ## - MAIN ENTRY--AUTHOR NAME
Personal name Gad, Thomas
245 ## - TITLE STATEMENT
Title 4-D, Branding
260 ## - PUBLICATION, DISTRIBUTION, ETC. (IMPRINT)
Name of publisher Pearsons
Year of publication 2001
300 ## - PHYSICAL DESCRIPTION
Number of Pages 181
650 ## - SUBJECT ADDED ENTRY--TOPICAL TERM
Topical Term Management
942 ## - ADDED ENTRY ELEMENTS (KOHA)
Koha item type Books
Holdings
Lost status Damaged status Home library Current library Shelving location Date acquired Cost, normal purchase price Full call number Accession Number Koha item type
    JRU Library   SHELF-20-L 30/05/2016 450.00 658.827 6071 Books